[Event "45. Open de Mislata 2011 - Promesas"]
[Site "Mislata ESP"]
[Date "2011.08.15"]
[Round "1.1"]
[White "Pons Lopez, Joan"]
[Black "Cama Molina, Daniel"]
[Result "1-0"]
[WhiteElo "1612"]
[BlackElo "1619"]
[PlyCount "73"]
[EventDate "2011.08.15"]
[EventType "tourn"]
[EventRounds "9"]
[EventCountry "ESP"]
[Source "lmi"]
[SourceDate "2011.08.15"]

1. e4 c5 2. Nf3 Nc6 3. d4 cxd4 4. Nxd4 Nf6 5. Nc3 e5 6. Ndb5 d6 7. Nd5 Nxd5 8.
exd5 Nb8 9. Be3 a6 10. Nc3 Be7 11. Bd3 O-O 12. Qd2 Nd7 13. O-O-O f5 14. f4 e4
15. Be2 Nf6 16. Rhg1 b5 17. h3 Bb7 18. a3 Kh8 19. g4 g6 20. Bd4 fxg4 21. hxg4
Kg8 22. f5 e3 23. Qxe3 Bc8 24. fxg6 hxg6 25. Qh6 Rf7 26. g5 Bf5 27. gxf6 Bxf6
28. Rxg6+ Bxg6 29. Qxg6+ Bg7 30. Bxg7 Rxg7 31. Qe6+ Rf7 32. Rg1+ Kf8 33. Bh5
Raa7 34. Bxf7 Rxf7 35. Qh6+ Ke7 36. Re1+ Kd7 37. Qe6+ 1-0

[Event "45. Open de Mislata 2011 - Promesas"]
[Site "Mislata ESP"]
[Date "2011.08.15"]
[Round "1.2"]
[White "Palomo Ruiperez, Bruno"]
[Black "Moreno Vicente, Jesus Miguel"]
[Result "0-1"]
[WhiteElo "1613"]
[BlackElo "1714"]
[PlyCount "66"]
[EventDate "2011.08.15"]
[EventType "tourn"]
[EventRounds "9"]
[EventCountry "ESP"]
[Source "lmi"]
[SourceDate "2011.08.15"]

1. d4 Nf6 2. c4 c5 3. d5 b5 4. cxb5 a6 5. bxa6 Bxa6 6. Nc3 g6 7. e4 Bxf1 8.
Kxf1 d6 9. g3 Bg7 10. Kg2 Nbd7 11. Nf3 Qb6 12. Qd3 Ng4 13. Qb5 Qa7 14. h3 Rb8
15. Qa4 Qxa4 16. Nxa4 Nge5 17. Nxe5 Nxe5 18. f4 Nd3 19. Rd1 Nxc1 20. Raxc1 Rb4
21. b3 Rxe4 22. Kf3 Rd4 23. Rxd4 Bxd4 24. b4 O-O 25. bxc5 dxc5 26. Nxc5 Ra8 27.
Rc4 Bb2 28. Rc2 Rxa2 29. Ke2 Kf8 30. Kd1 h5 31. h4 Ra7 32. f5 Ra4 33. Rc4 Ra1+
0-1

[Event "45. Open de Mislata 2011 - Promesas"]
[Site "Mislata ESP"]
[Date "2011.08.15"]
[Round "1.3"]
[White "Garcia Sancho, Josep"]
[Black "Chakrian, Tigran"]
[Result "0-1"]
[WhiteElo "1551"]
[BlackElo "1912"]
[PlyCount "56"]
[EventDate "2011.08.15"]
[EventType "tourn"]
[EventRounds "9"]
[EventCountry "ESP"]
[Source "lmi"]
[SourceDate "2011.08.15"]

1. d4 d5 2. c4 e6 3. g3 Nf6 4. Bg2 c5 5. cxd5 exd5 6. Nf3 Nc6 7. Nc3 Be7 8. O-O
h6 9. Bf4 a6 10. a4 O-O 11. Rc1 c4 12. Ne5 Bb4 13. Nxc6 bxc6 14. b3 Ba3 15. Rc2
cxb3 16. Rd2 Qb6 17. Qa1 Be7 18. Rb1 Bf5 19. Rbb2 Ra7 20. Be5 Rb7 21. Bxf6 Bxf6
22. e3 Qb4 23. Qc1 Rfb8 24. Bf1 Rb6 25. Bd3 Bxd3 26. Rxd3 Qc4 27. Rdd2 Be7 28.
Rb1 Bb4 0-1

[Event "45. Open de Mislata 2011 - Promesas"]
[Site "Mislata ESP"]
[Date "2011.08.15"]
[Round "1.4"]
[White "Fernandez Juan, Marcos"]
[Black "Ull Molina, Daniel"]
[Result "1-0"]
[WhiteElo "1619"]
[BlackElo "1582"]
[PlyCount "33"]
[EventDate "2011.08.15"]
[EventType "tourn"]
[EventRounds "9"]
[EventCountry "ESP"]
[Source "lmi"]
[SourceDate "2011.08.15"]

1. e4 e6 2. Nf3 d5 3. e5 c5 4. b4 cxb4 5. a3 Nc6 6. axb4 Bxb4 7. c3 Bc5 8. d4
Bb6 9. Bd3 Nge7 10. O-O O-O 11. Bxh7+ Kxh7 12. Ng5+ Kg6 13. Qg4 f5 14. exf6
Kxf6 15. Re1 Rh8 16. Rxe6+ Bxe6 17. Qxe6# 1-0

[Event "45. Open de Mislata 2011 - Promesas"]
[Site "Mislata ESP"]
[Date "2011.08.15"]
[Round "1.5"]
[White "Fernandez Garcia, Olmo"]
[Black "Martinez Hernandez, Paula"]
[Result "0-1"]
[WhiteElo "1677"]
[BlackElo "1701"]
[PlyCount "82"]
[EventDate "2011.08.15"]
[EventType "tourn"]
[EventRounds "9"]
[EventCountry "ESP"]
[Source "lmi"]
[SourceDate "2011.08.15"]

1. e4 c5 2. Nf3 Nc6 3. d4 cxd4 4. Nxd4 g6 5. Nc3 Bg7 6. Nb3 Nf6 7. Be3 O-O 8.
Be2 d6 9. O-O Bd7 10. f4 a5 11. a3 Rc8 12. Bf3 Qc7 13. Rb1 Rb8 14. Nb5 Qd8 15.
N3d4 Nxd4 16. Nxd4 Qc7 17. Qd2 Rbc8 18. c3 b6 19. Rfc1 Qc4 20. b3 Qc7 21. c4
Ng4 22. Nb5 Qd8 23. Bxg4 Bxg4 24. Na7 Ra8 25. Qf2 Qb8 26. Bxb6 Qb7 27. Nb5 Qxe4
28. Re1 Qb7 29. Nc7 Rab8 30. Bxa5 Bf5 31. Rbc1 Qxb3 32. Bb4 Qd3 33. Re3 Bd4 34.
Nd5 Bxe3 35. Qxe3 Qxe3+ 36. Nxe3 Be6 37. c5 Rfc8 38. c6 Rb6 39. c7 Rb7 40. Ba5
Ra7 41. Bb6 Rxa3 0-1

[Event "45. Open de Mislata 2011 - Promesas"]
[Site "Mislata ESP"]
[Date "2011.08.16"]
[Round "2.1"]
[White "Cama Molina, Daniel"]
[Black "Martinez Hernandez, Paula"]
[Result "1/2-1/2"]
[WhiteElo "1619"]
[BlackElo "1701"]
[PlyCount "64"]
[EventDate "2011.08.15"]
[EventType "tourn"]
[EventRounds "9"]
[EventCountry "ESP"]
[Source "lmi"]
[SourceDate "2011.08.15"]

1. d4 f5 2. e4 d6 3. exf5 Bxf5 4. Bd3 Bxd3 5. Qxd3 e6 6. Qb5+ Nc6 7. Qxb7 Nxd4
8. Qe4 e5 9. c3 Nf6 10. Qd3 Nc6 11. Bg5 Qd7 12. Nd2 Rb8 13. b3 Be7 14. Ne2 Ng8
15. Be3 Nf6 16. f3 Rf8 17. O-O g6 18. Rad1 Rd8 19. b4 Ra8 20. a3 Nd8 21. c4 c6
22. Ne4 Nxe4 23. Qxe4 Qf5 24. Nc3 Qxe4 25. Nxe4 Nb7 26. f4 a5 27. fxe5 Rxf1+
28. Kxf1 dxe5 29. Nc5 Nxc5 30. Bxc5 Bxc5 31. bxc5 Ke7 32. Rd6 Rf8+ 1/2-1/2

[Event "45. Open de Mislata 2011 - Promesas"]
[Site "Mislata ESP"]
[Date "2011.08.16"]
[Round "2.2"]
[White "Ull Molina, Daniel"]
[Black "Fernandez Garcia, Olmo"]
[Result "1/2-1/2"]
[WhiteElo "1582"]
[BlackElo "1677"]
[PlyCount "87"]
[EventDate "2011.08.15"]
[EventType "tourn"]
[EventRounds "9"]
[EventCountry "ESP"]
[Source "lmi"]
[SourceDate "2011.08.15"]

1. d4 d5 2. c4 c6 3. Nf3 Nf6 4. Nc3 a6 5. e3 Bf5 6. Be2 h6 7. O-O e6 8. Nd2
Nbd7 9. f3 Be7 10. e4 Bg6 11. cxd5 cxd5 12. exd5 exd5 13. Qb3 Qb6 14. Qxb6 Nxb6
15. Nb3 Nc4 16. Bxc4 dxc4 17. Nc5 b6 18. N5e4 Rd8 19. Be3 b5 20. Rfd1 Nd5 21.
Nxd5 Rxd5 22. Nc3 Rd7 23. Ne4 O-O 24. Nc5 Bxc5 25. dxc5 Rfd8 26. Rxd7 Rxd7 27.
Bf4 Bf5 28. Bd6 f6 29. Re1 Kf7 30. Kf2 Be6 31. a3 Bd5 32. Ke3 Bc6 33. Kd4 g6
34. Kc3 a5 35. Kd4 h5 36. Ke3 Bb7 37. h4 Bc6 38. g4 Bb7 39. Kf4 Bc6 40. Re3 Bd5
41. gxh5 gxh5 42. Kf5 Ra7 43. Kf4 Rd7 44. Kg3 1/2-1/2

[Event "45. Open de Mislata 2011 - Promesas"]
[Site "Mislata ESP"]
[Date "2011.08.16"]
[Round "2.3"]
[White "Chakrian, Tigran"]
[Black "Fernandez Juan, Marcos"]
[Result "1/2-1/2"]
[WhiteElo "1912"]
[BlackElo "1619"]
[PlyCount "58"]
[EventDate "2011.08.15"]
[EventType "tourn"]
[EventRounds "9"]
[EventCountry "ESP"]
[Source "lmi"]
[SourceDate "2011.08.15"]

1. d4 Nf6 2. c4 e5 3. d5 Bc5 4. e3 O-O 5. Nf3 d6 6. Be2 Bf5 7. O-O Nbd7 8. Nc3
Re8 9. Nh4 Bg6 10. Nxg6 hxg6 11. a3 a5 12. Rb1 e4 13. b4 axb4 14. axb4 Bb6 15.
Qc2 Re5 16. Bb2 Qe7 17. Na4 Rg5 18. Nxb6 Nxb6 19. Qd1 Nfd7 20. Qd4 Nf6 21. f4
exf3 22. Bxf3 Re8 23. e4 Qd7 24. h4 Rge5 25. c5 Nc8 26. Qd3 R5e7 27. c6 bxc6
28. dxc6 Qe6 29. Bxf6 gxf6 1/2-1/2

[Event "45. Open de Mislata 2011 - Promesas"]
[Site "Mislata ESP"]
[Date "2011.08.16"]
[Round "2.4"]
[White "Moreno Vicente, Jesus Miguel"]
[Black "Garcia Sancho, Josep"]
[Result "1-0"]
[WhiteElo "1714"]
[BlackElo "1551"]
[PlyCount "85"]
[EventDate "2011.08.15"]
[EventType "tourn"]
[EventRounds "9"]
[EventCountry "ESP"]
[Source "lmi"]
[SourceDate "2011.08.15"]

1. d4 Nf6 2. c4 c5 3. Nf3 g6 4. Nc3 Bg7 5. Bf4 O-O 6. a3 Qb6 7. Na4 Qd8 8. Nxc5
d6 9. Nb3 Nc6 10. e3 Na5 11. Nxa5 Qxa5+ 12. b4 Qc7 13. Rc1 Nh5 14. Bg3 Nxg3 15.
hxg3 Bg4 16. Bd3 Rac8 17. Qb3 Bxf3 18. gxf3 Qc6 19. Be2 Rfd8 20. b5 Qc7 21. O-O
b6 22. Rc2 Qd7 23. Rfc1 e5 24. dxe5 Bxe5 25. f4 Bg7 26. Bf3 Rc5 27. Rd1 Qe6 28.
Rd5 Bf6 29. Qd3 Be7 30. a4 Qf6 31. Qd4 Qxd4 32. Rxd4 Kg7 33. Bd5 Rdc8 34. Rd3
R8c7 35. Ra2 Kf6 36. a5 bxa5 37. Rxa5 h5 38. Rda3 Kf5 39. Kg2 Kg4 40. Rxa7 Rxc4
41. Bxc4 Rxc4 42. Rxe7 h4 43. gxh4 1-0

[Event "45. Open de Mislata 2011 - Promesas"]
[Site "Mislata ESP"]
[Date "2011.08.16"]
[Round "2.5"]
[White "Pons Lopez, Joan"]
[Black "Palomo Ruiperez, Bruno"]
[Result "1/2-1/2"]
[WhiteElo "1612"]
[BlackElo "1613"]
[PlyCount "34"]
[EventDate "2011.08.15"]
[EventType "tourn"]
[EventRounds "9"]
[EventCountry "ESP"]
[Source "lmi"]
[SourceDate "2011.08.15"]

1. e4 c6 2. d4 d5 3. e5 Bf5 4. Bd3 Bxd3 5. Qxd3 e6 6. Nf3 Nd7 7. O-O c5 8. c3
Qc7 9. Re1 Ne7 10. Bf4 cxd4 11. cxd4 Ng6 12. Bg3 Bb4 13. Nbd2 Rc8 14. Rac1 Qxc1
15. Rxc1 Rxc1+ 16. Nf1 Be7 17. N3d2 O-O 1/2-1/2

[Event "45. Open de Mislata 2011 - Promesas"]
[Site "Mislata ESP"]
[Date "2011.08.16"]
[Round "3.1"]
[White "Palomo Ruiperez, Bruno"]
[Black "Cama Molina, Daniel"]
[Result "0-1"]
[WhiteElo "1613"]
[BlackElo "1619"]
[PlyCount "96"]
[EventDate "2011.08.15"]
[EventType "tourn"]
[EventRounds "9"]
[EventCountry "ESP"]
[Source "lmi"]
[SourceDate "2011.08.15"]

1. d4 Nf6 2. c4 e6 3. Nc3 Bb4 4. Qc2 d5 5. a3 Bxc3+ 6. bxc3 c5 7. cxd5 Qxd5 8.
e3 Nc6 9. Nf3 O-O 10. Bd3 h6 11. O-O cxd4 12. cxd4 b6 13. Rd1 Bb7 14. Bb2 Na5
15. Bc3 Rac8 16. Qb2 Qb3 17. Qxb3 Nxb3 18. Bb4 Nxa1 19. Bxf8 Kxf8 20. Rxa1 Rc3
21. Ne1 Be4 22. Bxe4 Nxe4 23. Ra2 Ke7 24. a4 Kd6 25. Kf1 Rc1 26. f3 Nc3 27. Rd2
Nxa4 28. Ra2 b5 29. Kf2 Rb1 30. Nd3 f6 31. Ra3 a6 32. h3 g5 33. g4 Rh1 34. Kg2
Rd1 35. f4 Rb1 36. Ra2 Rb3 37. Rd2 Kd5 38. Kf3 Nc3 39. fxg5 fxg5 40. Kg2 Ne4
41. Rd1 Rc3 42. Kf1 a5 43. Kg2 Rc2+ 44. Kg1 Rd2 45. Rxd2 Nxd2 46. Kf2 b4 47.
Ke2 Nc4 48. Kf3 b3 0-1

[Event "45. Open de Mislata 2011 - Promesas"]
[Site "Mislata ESP"]
[Date "2011.08.16"]
[Round "3.2"]
[White "Garcia Sancho, Josep"]
[Black "Pons Lopez, Joan"]
[Result "1-0"]
[WhiteElo "1551"]
[BlackElo "1612"]
[PlyCount "77"]
[EventDate "2011.08.15"]
[EventType "tourn"]
[EventRounds "9"]
[EventCountry "ESP"]
[Source "lmi"]
[SourceDate "2011.08.15"]

1. d4 Nf6 2. c4 e5 3. dxe5 Ng4 4. Bf4 Bc5 5. e3 Nc6 6. Nf3 O-O 7. h3 Nh6 8.
Bxh6 gxh6 9. Nc3 Bb4 10. Be2 Qe7 11. Qd5 Re8 12. Rc1 Nxe5 13. Nxe5 Qxe5 14.
Qxe5 Rxe5 15. O-O d6 16. Nd5 Ba5 17. f4 Re6 18. Bg4 Bd2 19. Bxe6 Bxc1 20. Bxc8
Bxe3+ 21. Nxe3 Rxc8 22. Nd5 Kf8 23. f5 c6 24. Nf6 Kg7 25. Nh5+ Kf8 26. Re1 Rd8
27. f6 a6 28. Ng7 b5 29. cxb5 axb5 30. Nf5 d5 31. Ne7 c5 32. Re3 Rd6 33. Re5 d4
34. Rxc5 Ke8 35. Nf5 Rd8 36. Re5+ Kf8 37. Rxb5 d3 38. Ne3 d2 39. Kf2 1-0

[Event "45. Open de Mislata 2011 - Promesas"]
[Site "Mislata ESP"]
[Date "2011.08.16"]
[Round "3.3"]
[White "Fernandez Juan, Marcos"]
[Black "Moreno Vicente, Jesus Miguel"]
[Result "0-1"]
[WhiteElo "1619"]
[BlackElo "1714"]
[PlyCount "154"]
[EventDate "2011.08.15"]
[EventType "tourn"]
[EventRounds "9"]
[EventCountry "ESP"]
[Source "lmi"]
[SourceDate "2011.08.15"]

1. e4 e6 2. Nf3 d5 3. e5 c5 4. b4 b6 5. bxc5 bxc5 6. Ba3 Ba6 7. Bxa6 Nxa6 8. c3
Qa5 9. O-O Rb8 10. d4 Nh6 11. Qc1 Be7 12. Nbd2 O-O 13. Nb3 Qc7 14. Ng5 cxd4 15.
Bxe7 Qxe7 16. cxd4 Rfc8 17. Qe3 Nf5 18. Qd2 h6 19. Nf3 Qb4 20. Qd3 Nc7 21. Rfb1
Qc4 22. Qxc4 dxc4 23. Nc5 Rxb1+ 24. Rxb1 Nd5 25. Rc1 c3 26. Ne4 Rc4 27. Nd6
Nxd4 28. Nxd4 Rxd4 29. Nb5 Rd2 30. Kf1 Rxa2 31. Nxc3 Nxc3 32. Rxc3 a5 33. h4 a4
34. Rc4 g6 35. g4 Ra1+ 36. Ke2 a3 37. Ra4 Kg7 38. Kf3 a2 39. Kf4 h5 40. g5 Rh1
41. Rxa2 Rxh4+ 42. Ke3 Rg4 43. f4 Rh4 44. Kf3 Rh3+ 45. Kg2 Rb3 46. Kh2 Rb8 47.
Kg3 Kf8 48. Kh3 Ke8 49. Kg3 Rb7 50. Rd2 Rd7 51. Ra2 Kd8 52. Ra8+ Kc7 53. Ra3
Kb6 54. Kf3 Kb5 55. Kf2 Kb4 56. Ra6 h4 57. Rd6 Rc7 58. Rd8 Rc2+ 59. Kf3 Rc3+
60. Kg4 h3 61. Rh8 Kc4 62. Rxh3 Rxh3 63. Kxh3 Kd3 64. Kh4 Ke2 65. Kg3 Ke3 66.
Kg4 Kf2 67. f5 exf5+ 68. Kf4 Ke2 69. e6 fxe6 70. Ke5 Ke3 71. Kf6 f4 72. Kxg6 f3
73. Kf7 e5 74. g6 f2 75. Ke6 e4 76. g7 f1=Q 77. Ke7 Qg2 0-1

[Event "45. Open de Mislata 2011 - Promesas"]
[Site "Mislata ESP"]
[Date "2011.08.16"]
[Round "3.4"]
[White "Fernandez Garcia, Olmo"]
[Black "Chakrian, Tigran"]
[Result "1/2-1/2"]
[WhiteElo "1677"]
[BlackElo "1912"]
[PlyCount "44"]
[EventDate "2011.08.15"]
[EventType "tourn"]
[EventRounds "9"]
[EventCountry "ESP"]
[Source "lmi"]
[SourceDate "2011.08.15"]

1. e4 c6 2. d4 d5 3. Nd2 dxe4 4. Nxe4 Bf5 5. Ng3 Bg6 6. Nf3 Nd7 7. Bc4 e6 8. c3
Bd6 9. O-O Ngf6 10. Re1 Nb6 11. Bb3 O-O 12. Ne5 Bxe5 13. Rxe5 Qc7 14. Qf3 Nbd7
15. Re1 Rfe8 16. Bf4 Qd8 17. Rad1 Nd5 18. Bxd5 cxd5 19. Qe2 Qb6 20. a3 Qc6 21.
Nf1 Nb6 22. Ne3 h5 1/2-1/2

[Event "45. Open de Mislata 2011 - Promesas"]
[Site "Mislata ESP"]
[Date "2011.08.16"]
[Round "3.5"]
[White "Martinez Hernandez, Paula"]
[Black "Ull Molina, Daniel"]
[Result "1-0"]
[WhiteElo "1701"]
[BlackElo "1582"]
[PlyCount "111"]
[EventDate "2011.08.15"]
[EventType "tourn"]
[EventRounds "9"]
[EventCountry "ESP"]
[Source "lmi"]
[SourceDate "2011.08.15"]

1. e4 d5 2. exd5 Qxd5 3. Nc3 Qa5 4. d4 c6 5. Bc4 Nf6 6. Bd2 Qc7 7. Nf3 Bg4 8.
h3 Bh5 9. g4 Bg6 10. Nh4 Nbd7 11. Nxg6 hxg6 12. Qf3 e6 13. O-O-O O-O-O 14. g5
Nb6 15. Bxe6+ fxe6 16. gxf6 Qf7 17. fxg7 Qxg7 18. Bg5 Be7 19. Bxe7 Qxe7 20. Ne4
Nd5 21. Nc5 Rhf8 22. Qg3 b6 23. Nb3 Qf6 24. Kb1 Qf5 25. a3 Rf6 26. Rhe1 Nf4 27.
h4 Kd7 28. Qf3 Nh3 29. Qg3 Nf4 30. Rd2 Qh3 31. Qg5 Qf5 32. Qg3 Rh8 33. Rg1 Qh3
34. Nc1 Qxh4 35. c3 Qxg3 36. fxg3 Nd5 37. Nd3 Rh3 38. Ne5+ Kd6 39. g4 Rh4 40.
g5 Rf5 41. Nxg6 Rh5 42. Ne5 Kc7 43. g6 Rhg5 44. Rdg2 Rf1+ 45. Rxf1 Rxg2 46.
Rf7+ Kd8 47. g7 Ne7 48. Nxc6+ Nxc6 49. Rf8+ Ke7 50. g8=Q Rxg8 51. Rxg8 Kd6 52.
Kc2 Kd5 53. Kd3 e5 54. Rg5 Ke6 55. Rg6+ Kd5 56. c4# 1-0

[Event "45. Open de Mislata 2011 - Promesas"]
[Site "Mislata ESP"]
[Date "2011.08.17"]
[Round "4.1"]
[White "Cama Molina, Daniel"]
[Black "Ull Molina, Daniel"]
[Result "0-1"]
[WhiteElo "1619"]
[BlackElo "1582"]
[PlyCount "104"]
[EventDate "2011.08.15"]
[EventType "tourn"]
[EventRounds "9"]
[EventCountry "ESP"]
[Source "lmi"]
[SourceDate "2011.08.15"]

1. d4 Nf6 2. Nf3 d6 3. Bf4 g6 4. e3 Bg7 5. Be2 O-O 6. h3 Nbd7 7. Nbd2 Nh5 8.
Bh2 e5 9. dxe5 dxe5 10. c3 Qe7 11. O-O Kh8 12. Qc2 f5 13. Rfe1 c5 14. Nb3 e4
15. Nfd2 Be5 16. Bxe5+ Nxe5 17. Nc4 Nxc4 18. Bxc4 Qg5 19. Nxc5 b6 20. Ne6 Bxe6
21. Bxe6 Rae8 22. Bd7 Re7 23. Rad1 f4 24. Qa4 f3 25. Qd4+ Nf6 26. Bg4 h5 27.
gxf3 hxg4 28. fxg4 Kg8 29. Qc4+ Rff7 30. Rd8+ Kg7 31. Red1 Qh4 32. Qf1 Re5 33.
Qg2 Rg5 34. Qg3 Qxg3+ 35. fxg3 Re5 36. a3 Rb5 37. b4 Rc7 38. Rc1 a5 39. Rd2
axb4 40. a4 Rbc5 41. Rdc2 Rxc3 42. Rxc3 Rxc3 43. Rb1 Nd5 44. Kf2 Ra3 45. Rd1
Nxe3 46. Rd7+ Kf8 47. Rb7 Nd5 48. Rd7 Rd3 49. Ra7 b3 50. Ra8+ Ke7 51. Ra7+ Kd8
52. Rg7 b2 0-1

[Event "45. Open de Mislata 2011 - Promesas"]
[Site "Mislata ESP"]
[Date "2011.08.17"]
[Round "4.2"]
[White "Chakrian, Tigran"]
[Black "Martinez Hernandez, Paula"]
[Result "1-0"]
[WhiteElo "1912"]
[BlackElo "1701"]
[PlyCount "89"]
[EventDate "2011.08.15"]
[EventType "tourn"]
[EventRounds "9"]
[EventCountry "ESP"]
[Source "lmi"]
[SourceDate "2011.08.15"]

1. d4 f5 2. c4 Nf6 3. Nc3 g6 4. Nf3 Bg7 5. Bf4 d6 6. e3 O-O 7. Be2 a6 8. O-O
Kh8 9. Qd2 Bd7 10. b4 Be6 11. Rac1 Nbd7 12. c5 Nh5 13. d5 Nxf4 14. exf4 Bg8 15.
Qe3 Nf6 16. Rfd1 Ng4 17. Qd2 dxc5 18. bxc5 Nf6 19. Ne5 Nd7 20. Nxd7 Qxd7 21.
Bf3 b6 22. Qe3 bxc5 23. Qxc5 Qd6 24. Ne2 Rac8 25. g3 h6 26. Qe3 Bb2 27. Rc6 Qa3
28. Rxg6 Qxe3 29. fxe3 Kh7 30. Rxa6 Bf6 31. Rc1 Ra8 32. Rcc6 Rxa6 33. Rxa6 Rb8
34. Ra7 Rb1+ 35. Kf2 Rb2 36. a4 Rd2 37. Rxc7 Ra2 38. d6 Kg6 39. dxe7 Bf7 40.
Ra7 Rd2 41. a5 Rd6 42. a6 Rb6 43. e4 Rb2 44. e5 Bg7 45. Rc7 1-0

[Event "45. Open de Mislata 2011 - Promesas"]
[Site "Mislata ESP"]
[Date "2011.08.17"]
[Round "4.3"]
[White "Moreno Vicente, Jesus Miguel"]
[Black "Fernandez Garcia, Olmo"]
[Result "1-0"]
[WhiteElo "1714"]
[BlackElo "1677"]
[PlyCount "63"]
[EventDate "2011.08.15"]
[EventType "tourn"]
[EventRounds "9"]
[EventCountry "ESP"]
[Source "lmi"]
[SourceDate "2011.08.15"]

1. d4 d5 2. c4 c6 3. Nc3 Nf6 4. Nf3 a6 5. e3 Bf5 6. cxd5 cxd5 7. Bd3 Bxd3 8.
Qxd3 e6 9. O-O Be7 10. Bd2 O-O 11. Rfc1 Nbd7 12. a3 b5 13. Ne2 Qb6 14. Rc2 Rfc8
15. Rac1 Qb7 16. Ba5 Bd6 17. Nd2 Ne8 18. Nb3 Rc4 19. Nd2 Rcc8 20. e4 Bc7 21.
Bxc7 Nxc7 22. e5 Ne8 23. Nf3 f6 24. Nf4 fxe5 25. dxe5 Nf8 26. Ng5 Rxc2 27. Qxc2
Qe7 28. Nfxe6 g6 29. Qc6 Ra7 30. Qxd5 Rd7 31. Qb3 Ng7 32. Nd8+ 1-0

[Event "45. Open de Mislata 2011 - Promesas"]
[Site "Mislata ESP"]
[Date "2011.08.17"]
[Round "4.4"]
[White "Pons Lopez, Joan"]
[Black "Fernandez Juan, Marcos"]
[Result "1/2-1/2"]
[WhiteElo "1612"]
[BlackElo "1619"]
[PlyCount "56"]
[EventDate "2011.08.15"]
[EventType "tourn"]
[EventRounds "9"]
[EventCountry "ESP"]
[Source "lmi"]
[SourceDate "2011.08.15"]

1. e4 Nf6 2. Nc3 d5 3. exd5 Nxd5 4. Bc4 Nb6 5. Bb3 Nc6 6. d3 e5 7. Nf3 Bg4 8.
Be3 Nd4 9. Bxf7+ Kxf7 10. Nxe5+ Ke8 11. Nxg4 Qd7 12. Bxd4 Qxd4 13. Qe2+ Kf7 14.
O-O Bc5 15. Qe3 Qb4 16. Qe5 Rhe8 17. Qxc7+ Re7 18. Qg3 Qxb2 19. Qf3+ Kg8 20.
Nd5 Rf7 21. Ndf6+ Kh8 22. Qe4 gxf6 23. Qe6 Kg7 24. Ne3 Re7 25. Nf5+ Kf8 26.
Nxe7 Bxe7 27. Rfe1 Re8 28. Qb3 Qd4 1/2-1/2

[Event "45. Open de Mislata 2011 - Promesas"]
[Site "Mislata ESP"]
[Date "2011.08.17"]
[Round "4.5"]
[White "Palomo Ruiperez, Bruno"]
[Black "Garcia Sancho, Josep"]
[Result "1-0"]
[WhiteElo "1613"]
[BlackElo "1551"]
[PlyCount "82"]
[EventDate "2011.08.15"]
[EventType "tourn"]
[EventRounds "9"]
[EventCountry "ESP"]
[Source "lmi"]
[SourceDate "2011.08.15"]

1. d4 Nf6 2. c4 c5 3. Nf3 cxd4 4. Nxd4 Nc6 5. Nxc6 bxc6 6. Nc3 d5 7. e3 e6 8.
a3 a5 9. Be2 Bd6 10. cxd5 cxd5 11. Bb5+ Bd7 12. Qa4 Bxb5 13. Qxb5+ Qd7 14.
Qxd7+ Kxd7 15. O-O h5 16. Kh1 h4 17. Nb5 g5 18. Nxd6 Kxd6 19. Bd2 g4 20. h3 Ne4
21. Bc3 Nxc3 22. bxc3 gxh3 23. gxh3 Rac8 24. Rfc1 Rc4 25. Rab1 Rhc8 26. Rb5
R8c5 27. Rb7 Rxc3 28. Rxc3 Rxc3 29. Rxf7 Rxa3 30. Rf4 Ra1+ 31. Kg2 a4 32. Rxh4
a3 33. Ra4 Kc5 34. h4 Kb5 35. Ra8 Kb4 36. h5 Rc1 37. Rb8+ Kc3 38. h6 e5 39. h7
a2 40. Ra8 a1=Q 41. Rxa1 Rxa1 1-0

[Event "45. Open de Mislata 2011 - Promesas"]
[Site "Mislata ESP"]
[Date "2011.08.18"]
[Round "5.1"]
[White "Garcia Sancho, Josep"]
[Black "Cama Molina, Daniel"]
[Result "1-0"]
[WhiteElo "1551"]
[BlackElo "1619"]
[PlyCount "117"]
[EventDate "2011.08.15"]
[EventType "tourn"]
[EventRounds "9"]
[EventCountry "ESP"]
[Source "lmi"]
[SourceDate "2011.08.15"]

1. d4 Nf6 2. c4 e6 3. g3 Bb4+ 4. Nd2 c5 5. dxc5 Nc6 6. Bg2 O-O 7. Ngf3 Bxc5 8.
Nb3 Be7 9. O-O b6 10. Bf4 Bb7 11. Rc1 Ne4 12. Nfd2 Nc5 13. Nxc5 bxc5 14. Nb3 e5
15. Bxe5 d6 16. Bf4 Rb8 17. Bd2 Bf6 18. Bc3 Re8 19. Re1 Qe7 20. Qc2 Ne5 21.
Bxe5 Qxe5 22. Bxb7 Rxb7 23. Rb1 h5 24. Qd3 h4 25. Qd5 Qxd5 26. cxd5 hxg3 27.
hxg3 c4 28. Na5 Rxb2 29. Rxb2 Bxb2 30. Nxc4 Be5 31. Nxe5 Rxe5 32. e4 f5 33. f3
Kf7 34. Kf2 Kf6 35. Ke3 g5 36. Kd4 Re8 37. Rc1 g4 38. exf5 gxf3 39. Rf1 Kxf5
40. Rxf3+ Kg6 41. Re3 Rd8 42. Re6+ Kg5 43. Kc3 Rc8+ 44. Kd4 Rd8 45. Re7 Kg4 46.
Rg7+ Kf3 47. Rxa7 Kxg3 48. Rc7 Ra8 49. Rc6 Rxa2 50. Rxd6 Ra4+ 51. Ke5 Rg4 52.
Rf6 Rg8 53. Ke6 Ra8 54. d6 Re8+ 55. Kd7 Ra8 56. Ke7 Kg4 57. d7 Kg5 58. Rf1 Ra7
59. Ke8 1-0

[Event "45. Open de Mislata 2011 - Promesas"]
[Site "Mislata ESP"]
[Date "2011.08.18"]
[Round "5.2"]
[White "Fernandez Juan, Marcos"]
[Black "Palomo Ruiperez, Bruno"]
[Result "1-0"]
[WhiteElo "1619"]
[BlackElo "1613"]
[PlyCount "145"]
[EventDate "2011.08.15"]
[EventType "tourn"]
[EventRounds "9"]
[EventCountry "ESP"]
[Source "lmi"]
[SourceDate "2011.08.15"]

1. e4 e5 2. d4 exd4 3. c3 dxc3 4. Bc4 d6 5. Nxc3 Nd7 6. Nf3 Be7 7. Qd5 Ne5 8.
Nxe5 Be6 9. Qb5+ c6 10. Nxc6 bxc6 11. Qxc6+ Bd7 12. Qd5 Be6 13. Bb5+ Kf8 14.
Qd3 Nf6 15. O-O h5 16. Bg5 h4 17. h3 Nh5 18. Bxe7+ Qxe7 19. Rad1 Rd8 20. Nd5
Qg5 21. Qe3 Qxe3 22. Nxe3 Nf4 23. Bc4 Bxc4 24. Nxc4 Ke7 25. Rfe1 Rh5 26. Ne3 g6
27. Nd5+ Nxd5 28. exd5+ Kf6 29. Re3 Rd7 30. a3 Rc7 31. Rc3 Rxc3 32. bxc3 Rh8
33. Rd4 Rc8 34. c4 g5 35. f4 gxf4 36. Rxf4+ Kg5 37. Rg4+ Kh5 38. Kf2 f5 39. Rf4
Kg5 40. g3 Rb8 41. Rf3 Rb2+ 42. Kg1 Rb1+ 43. Kg2 Rb2+ 44. Rf2 Rb3 45. gxh4+
Kxh4 46. Rxf5 Rg3+ 47. Kf2 Rxa3 48. Rf7 Ra2+ 49. Ke3 Ra3+ 50. Ke4 Ra4 51. Rc7
Kxh3 52. Kd4 Ra6 53. Rc6 Ra1 54. Rxd6 a5 55. Ra6 a4 56. Kc3 Kg4 57. Kb2 Rd1 58.
Rxa4 Kf5 59. Kc3 Ke5 60. Kb4 Kd6 61. Ra6+ Kc7 62. Kc5 Kb7 63. Rc6 Ka7 64. Kd6
Kb7 65. Rc7+ Kb8 66. Re7 Kc8 67. c5 Kd8 68. Rh7 Ke8 69. Kc6 Kd8 70. d6 Ke8 71.
Rh8+ Kf7 72. d7 Ke7 73. Re8+ 1-0

[Event "45. Open de Mislata 2011 - Promesas"]
[Site "Mislata ESP"]
[Date "2011.08.18"]
[Round "5.3"]
[White "Fernandez Garcia, Olmo"]
[Black "Pons Lopez, Joan"]
[Result "1/2-1/2"]
[WhiteElo "1677"]
[BlackElo "1612"]
[PlyCount "76"]
[EventDate "2011.08.15"]
[EventType "tourn"]
[EventRounds "9"]
[EventCountry "ESP"]
[Source "lmi"]
[SourceDate "2011.08.15"]

1. e4 e5 2. Nf3 Nf6 3. Nxe5 d6 4. Nf3 Nxe4 5. Nc3 Nxc3 6. dxc3 Be7 7. Bd3 O-O
8. Be3 Nc6 9. Qe2 Re8 10. O-O-O Bg4 11. h3 Bxf3 12. Qxf3 Bg5 13. Bxg5 Qxg5+ 14.
Kb1 Re7 15. h4 Qe5 16. g4 Rae8 17. g5 Qe6 18. Qg3 Ne5 19. Rde1 Qd5 20. Rhg1
Nxd3 21. Rxe7 Rxe7 22. Qxd3 Qxd3 23. cxd3 Re2 24. Rg4 Rxf2 25. Rb4 b6 26. Ra4
a5 27. b4 Rf5 28. bxa5 Rxa5 29. Rf4 Kf8 30. Kb2 Ke7 31. c4 Re5 32. d4 Re2+ 33.
Kb3 Re3+ 34. Kb4 c6 35. c5 dxc5+ 36. dxc5 bxc5+ 37. Kxc5 Ra3 38. Kxc6 Rxa2
1/2-1/2